Quizzes
Events
Quiz Creation
Community
Videos
Private Events
Remove Ads
Sign In
Join for FREE
Feedback
Dark Mode
Quiz Categories
Sports
Geography
Music
Movies
Television
Just For Fun
Miscellaneous
History
Literature
Language
Science
Gaming
Entertainment
Religion
Holiday
For Kids
Quiz Lab
Recent
Popular Today
Quiz Kudos Today
Editor Picks
Curator Picks
Quizzes by...
Day
Popularity
Type
Ratings
Length
Year
Community
Subscriptions
Recent Discussions
Orange Saloon
Badges
Playlists
Quests
Create
Leaderboards
Showdown
Live 5
Trivia Bingo
Activity
Puzzle Library
Sporcle Events
Private Events
Virtual Trivia
Globe League
Become a Host
Pub Owners
SporcleCon
Opinionation
Our Games
Videos
Blog
Mobile Apps
Partnerships
Remove Ads and Go Orange
Feedback
Literature
Harry Potter
A Song of Ice and Fire
The Hunger Games
Literary Character
Shakespeare
Book
Author
Novel
Poem
Young Adult
Children's Books
Play
Lord of the Rings
Literature
Harry Potter
A Song of Ice and Fire
The Hunger Games
Literary Character
Shakespeare
Book
Author
Novel
Poem
Young Adult
Children's Books
Play
Lord of the Rings
Random Quiz
Search Sporcle
×
Quiz Lab
Quiz Lab
Literature
Book
Type in answers that appear in a list
Type in answers that appear in a list
Classic
Best Score? Go Orange.
Waterstone's Top 100 Books Stats
Can you name the Top 100 Books of the 20th Century according to Waterstones?
By
aprizzle
15m
100 Questions
442 Plays
442 Plays
442 Plays
Comments
Comments
Give Quiz Kudos
Give Quiz Kudos
-
- Ratings
hide this ad
Replay
Link that replays current quiz
Next Quiz
Link to next quiz in quiz playlist
You Got
0%
They Got
Avg Score
50%
Avg Friend Score
Upgrade to see
Score Distribution
Jump to the score distribution portion of the page
Score
0/100
Timer
15:00
0
Plays Today
Author
Book Title
% Correct
George Orwell
1984
97.7%
J.R.R Tolkein
The Lord of the Rings
97.3%
George Orwell
Animal Farm
96.4%
Harper Lee
To Kill a Mockingbird
95.2%
J.R.R Tolkein
The Hobbit
95.2%
John Steinbeck
The Grapes of Wrath
94.1%
F. Scott Fitzgerald
The Great Gatsby
94.1%
J.D. Salinger
The Catcher in the Rye
93.9%
Joseph Heller
Catch 22
92.5%
William Golding
The Lord of the Flies
90%
James Joyce
Ulysses
88.9%
John Steinbeck
Of Mice and Men
88.9%
C.S. Lewis
The Lion, The Witch and The Wardrobe
87.8%
A. A. Milne
Winnie the Pooh
87.3%
Aldous Huxley
Brave New World
86.9%
Jack Kerouac
On The Road
84.8%
Roald Dahl
Charlie and the Chocolate Factory
83.5%
Vladimir Nabokov
Lolita
81.7%
Douglas Adams
The Hitchhiker's Guide to the Galaxy
79.9%
Margaret Mitchell
Gone With The Wind
79.2%
Anthony Burgess
A Clockwork Orange
77.6%
Joseph Conrad
The Heart Of Darkness
75.6%
Roald Dahl
Matilda
72.2%
Gabriel Garcia Merquez
Love in the Time of Cholera
71.9%
Daphne du Maurier
Rebecca
71.7%
Kenneth Grahame
The Wind in the Willows
71.3%
Gabriel Garcia Marquez
One Hundred Years of Solitude
70.6%
Sylvia Plath
The Bell Jar
70.4%
Toni Morrison
Beloved
67.4%
Salman Rushdie
Midnight's Children
67.2%
E.M Forster
A Passage to India
66.7%
Anne Frank
The Diary of Anne Frank
66.5%
D.H. Lawrence
Sons and Lovers
66.3%
Evelyn Waugh
Brideshead Revisited
65.6%
Author
Book Title
% Correct
Roald Dahl
The BFG
64.9%
Virginia Woolf
To The Lighthouse
62.2%
Frank Herbert
Dune
62.2%
E.M. Forster
A Room with a View
62.2%
Richard Adams
Watership Down
62%
Alice Walker
The Colour Purple
61.1%
Franz Kafka
The Trial
59%
Stephen Hawking
A Brief History of Time
59%
Roald Dahl
James and the Giant Peach
57.5%
Michael Crichton
Jurassic Park
57.2%
Stephen King
It
56.1%
Umberto Eco
The Name of the Rose
54.3%
Irvine Welsh
Trainspotting
54.1%
Hunter S. Thompson
Fear and Loathing in Las Vegas
52%
Boris Pasternak
Doctor Zhivago
51.6%
Bret Easton Ellis
American Psycho
51.6%
Kazuo Ishiguro
The Remains of the Day
50%
Stephen King
The Stand
49.3%
Milan Kundera
The Unbearable Lightness of Being
48.4%
Sebastien Faulks
Birdsong
48%
Erich Maria Remarque
All Quiet on the Western Front
48%
E.M. Forster
Howard's End
43.4%
Robert Graves
I, Claudius
42.5%
Graham Greene
Brighton Rock
40.7%
Nick Hornby
High Fidelity
40.3%
Vikram Seth
A Suitable Boy
39.8%
Kurt Vonnegut
Slaughterhouse 5
39.1%
Nelson Mandela
Long Walk to Freedom
39.1%
A.S. Byatt
Possession
38.9%
Patrick Suskind
Perfume
37.6%
D.H. Lawrence
The Rainbow
36%
Günter Grass
The Tin Drum
35.7%
Kingsley Amis
Lucky Jim
35.5%
Tom Wolfe
The Bonfire of the Vanities
35.1%
Author
Book Title
% Correct
Arthur C. Clarke
2001 - A Space Odyssey
33.5%
John Irving
A Prayer for Owen Meany
32.4%
John Fowles
The Magus
31.9%
Albert Camus
The Outsider
31.2%
Laurie Lee
Cider with Rosie
30.5%
Mikhail Bulgakov
The Master and Margarita
30.5%
Jung Chang
Wild Swans
29.9%
Iain Banks
The Wasp Factory
27.8%
Mervyn Peake
Gormenghast
26.7%
Richard Dawkins
The Selfish Gene
26%
Jostein Gaarder
Sophie's World
25.3%
Graham Greene
The Power and the Glory
25.3%
Roddy Doyle
Paddy Clarke Ha Ha Ha
25.1%
Alan Paton
Cry the Beloved Country
23.3%
George Orwell
Down and Out in Paris and London
22.4%
Nicholas Evans
The Horse Whisperer
18.1%
Robert Pirsig
Zen and the Art of Motorcycle Maintenance
13.6%
Vera Brittain
Testament of Youth
13.3%
Primo Levi
If This Is a Man
13.1%
Lawrence Durrell
The Alexandria Quartet
13.1%
Robert Tressell
The Ragged-trousered Philanthropists
12.7%
Roddy Doyle
The Van
12.7%
Brian Keenan
An Evil Cradling
10.6%
Alexander Solzhenitsyn
A Day in the Life of Ivan Denisovich
7.2%
Armistead Maupin
Tales from the City
6.3%
Anthony Burgess
Earthly Powers
5.7%
Delia Smith
Complete Cookery Course
4.8%
Marcel Proust
A la recherche du temps perdu
3.2%
Louis de Bernières
Captain Corelli´s Mandolin
1.8%
Margaret Atwood
The Handmaid´s Tale
1.6%
D.H. Lawrence
Lady Chatterley´s Lover
1.4%
John Fowles
The French Lieutenant´s Woman
0.9%
Quiz Playlist
Details
Report
Send in Message
Add To Playlist
Classic:
Type in answers that appear in a list
Last Updated: Feb 16, 2017
Quiz Scoreboard
CHALLENGE
Sign Up to Join the Scoreboard
Show All
Scores
Hide
Comments
May contain spoilers
Recently Published
9x9 Crossword: Cartoon Network
by jackfrog10
Miscellaneous
3m
College Basketball Coaching Resumes
by pancakes188
Sports
9m
Billboard Blitz: Fleetwood Mac
by CooCooCachoo
Music
15s
More to Explore
Quiz From the Vault
Featured Blog Post
Where Did the Easter Bunny Come From?
hide this ad
You Might Also Like...
Tags
Author Quiz
Book Quiz
Century Quiz
100
20th Century
Top 100
Today's Top Quizzes in Literature
Browse Literature
hide this ad
Today's Top Quizzes in Book
Browse Book
Top Contributed Quizzes in Literature
1
Sneaky Slytherin Logic Puzzle
2
Get The Picture: Black or White Literature
3
5-to-1: Plays
4
A Court of Thorns and Roses (ACoTaR) Logic Puzzle
5
One Thing in Common: Literature
6
One Thing in Common: Literature II
7
One Thing in Common: Literature 3
8
One Thing in Common: Books
9
Literary Siblings Odd One Out III
10
Harry Potter Neighbourly Logic Puzzle #1
Explore More
Trending Topics
Harry Potter
Anime
Kpop
Disney
NBA
Crossword
Marvel
Country
Song
The Office
Soccer
Pokémon
NFL
Puzzle
WWE
hide this ad
More By:
aprizzle
Quiz
Plays
Rating
Category
Featured
Created
Waterstone's Top 100 Books
442
3.00
Literature
Jul 12, 2011
Name the Book from the Author
68
2.00
Literature
Dec 8, 2011
Go to Creator's Profile
Score Distribution
Quiz Creator Spotlight
aprizzle
Follow
Send a Message
Quizzes Created
-
Created Quiz Play Count
-
More By This Creator
Popular Quizzes Today
1
Find the US States - No Outlines Minefield
2
Find the Countries of Europe - No Outlines Minefield
3
The Countries of the World
4
Find the US States
5
Risky Map Clicking: Biggest States A-Z
6
US States
7
Popular People in 1961
8
Movies - When Are They Set?
More Literature Quizzes
Finish the Famous Literature Quote III
Published
Trending Quizzes
Risky Map Clicking: Least Populous States A-Z
1-10 Letter G Words
Risky Map Clicking: Next State Alphabetically
Adjectives in 80s TV Shows
Risky Map Clicking: Biggest States A-Z
Recently Updated
Leaping Animals
pecheneg
Reality TV Shows (A-Z)
bhenderson79
Rickey Henderson's Hall of Fame Teammates
pecheneg
Champions League XIs: Arsenal
pecheneg
Quick Pick: Celebrities in WWE's Hall of Fame
aduchscher
A-Z Keypad Blitz II
pecheneg
Multiple Oscar Actors
pecheneg
Mystery Phrase Blitz: Oscar 'Best Actors'
pecheneg
F. Scott Fitzgerald Novels
LTH
Pick 3 Villains
ddd62291
Trending Topics
Kpop
NBA
Disney
Marvel
Harry Potter
Crossword
Anime
Country
Pokémon
Puzzle
The Office
WWE
NFL
Song
Soccer
Your Account Isn't Verified!
In order to create a playlist on Sporcle, you need to verify the email address you used during registration. Go to your
Sporcle Settings
to finish the process.
Report this User
Report this user for behavior that violates our
Community Guidelines
.
Details:
Send Report
Go to the Sporcle.com Mobile Site →
Comments